00191nam a22000617a 4500020001800000245005200018260005900070 a9781423905837 aNew perspectives on Microsoft Office Excel 2007 aBoston, MA bCourse Technology, Cengage Learningc2008